000 00329nam a2200133Ia 4500
005 20251222143157.0
008 251222s9999||||xx |||||||||||||| ||spa||
020 _a987-9393-06-6
082 _a741.6/B52
100 _aBierut, Micahel
245 0 _aFundamentos del Diseño Gráfico
264 _bEdiciones Infinito
942 _cLIB
999 _c12927
_d12927